00271nam a22001097a 450000500170000000800410001702200130005810000160007124500420008726000240012930000080015320190226113012.0190226b xxu||||| |||| 00| 0 eng d a07052018 aDe Kalidas  aMan Making Education Need of the Hour bNew Bengal Printers a381